| 000 | 00509nam a22001817a 4500 | ||
|---|---|---|---|
| 999 |
_c524752 _d524752 |
||
| 003 | NUST | ||
| 020 | _a- | ||
| 038 | _aZafar Malik | ||
| 082 |
_a891.421 _bKAU |
||
| 100 |
_aKausar, Saleem _915545 |
||
| 245 |
_aMain ne ism-e-Muhammad ko likhha bohat / _cSaleem Kausar |
||
| 260 |
_aKarachi : _bAmeera Publications ; _c2015. |
||
| 300 | _a136 p. ; | ||
| 500 | _aHardcover | ||
| 880 |
_6100-02\r _aسلیم کوثر |
||
| 880 |
_6245-02\r _aمیں نے اسم محمد کو لکھا بہت |
||
| 942 |
_2ddc _cBK |
||